<?xml version="1.0" encoding="UTF-8"?><?xml-stylesheet type="text/xsl" href="static/style.xsl"?><OAI-PMH xmlns="http://www.openarchives.org/OAI/2.0/" xmlns:xsi="http://www.w3.org/2001/XMLSchema-instance" xsi:schemaLocation="http://www.openarchives.org/OAI/2.0/ http://www.openarchives.org/OAI/2.0/OAI-PMH.xsd"><responseDate>2026-06-02T11:57:55Z</responseDate><request verb="GetRecord" identifier="oai:riuma.uma.es:10630/30618" metadataPrefix="marc">https://riuma.uma.es/rest/oai/request</request><GetRecord><record><header><identifier>oai:riuma.uma.es:10630/30618</identifier><datestamp>2026-02-03T10:20:40Z</datestamp><setSpec>com_10630_1685</setSpec><setSpec>col_10630_38055</setSpec></header><metadata><record xmlns="http://www.loc.gov/MARC21/slim" xmlns:dcterms="http://purl.org/dc/terms/" xmlns:doc="http://www.lyncode.com/xoai" xmlns:xsi="http://www.w3.org/2001/XMLSchema-instance" xsi:schemaLocation="http://www.loc.gov/MARC21/slim http://www.loc.gov/standards/marcxml/schema/MARC21slim.xsd">
   <leader>00925njm 22002777a 4500</leader>
   <datafield ind2=" " ind1=" " tag="042">
      <subfield code="a">dc</subfield>
   </datafield>
   <datafield ind2=" " ind1=" " tag="720">
      <subfield code="a">Muñoz Guirado, Roberto</subfield>
      <subfield code="e">author</subfield>
   </datafield>
   <datafield ind2=" " ind1=" " tag="260">
      <subfield code="c">2024</subfield>
   </datafield>
   <datafield ind2=" " ind1=" " tag="520">
      <subfield code="a">En este trabajo, hemos abordado el desarrollo de sistemas de inversión eficientes&#xd;
en el ámbito de las materias primas de energía, especialmente enfocándonos&#xd;
en el petróleo, cuya creciente importancia en la economía mundial ha despertado&#xd;
una marcada atención. Todo esta atención, alimentada además por el interés de&#xd;
las personas debido al potencial de ganancias económicas que se puede obtener a&#xd;
través de inversiones exitosas.&#xd;
Nuestro objetivo era elaborar un sistema basado en el uso de indicadores técnicos&#xd;
que proporcione señales de compra o venta más confiables a los inversores&#xd;
mediante la recopilación y el procesado de datos del mercado en tiempo real.&#xd;
Comenzamos explorando y analizando en el contexto los diversos indicadores&#xd;
técnicos, como medias móviles, estocástico, RSI, MACD, Bandas Bollinger y otros,&#xd;
para tomar decisiones informadas. Además, exlicamos las diferentes estrategias&#xd;
que existen para salir del mercado, y destacamos la importancia de tener una bien&#xd;
definida que nos ayude a minimizar las pérdidas y maximizar las ganancias.&#xd;
En los apartados de diseño y desarrollo de estrategias abordamos en profundidad&#xd;
los indicadores explicados durante el contexto y elaboramos estrategias específicas&#xd;
basadas en ellos. Comparamos el rendimiento de estas estrategias y elaboramos&#xd;
sistemas finales basados en ...</subfield>
   </datafield>
   <datafield ind1="8" ind2=" " tag="024">
      <subfield code="a">https://hdl.handle.net/10630/30618</subfield>
   </datafield>
   <datafield tag="653" ind2=" " ind1=" ">
      <subfield code="a">Inversiones</subfield>
   </datafield>
   <datafield tag="653" ind2=" " ind1=" ">
      <subfield code="a">Recursos energéticos</subfield>
   </datafield>
   <datafield tag="653" ind2=" " ind1=" ">
      <subfield code="a">Materias primas</subfield>
   </datafield>
   <datafield tag="653" ind2=" " ind1=" ">
      <subfield code="a">Informática - Trabajos Fin de Grado</subfield>
   </datafield>
   <datafield tag="653" ind2=" " ind1=" ">
      <subfield code="a">Grado en Ingeniería Informática - Trabajos Fin de Grado</subfield>
   </datafield>
   <datafield ind2="0" ind1="0" tag="245">
      <subfield code="a">Sistemas de Inversión en materias primas de energía.</subfield>
   </datafield>
</record>
</metadata></record></GetRecord></OAI-PMH>